Правоохранительная политика: проблемы формирования и осуществления (Запись № 3656056)
[ простой вид ]
| 000 -МАРКЕР | |
|---|---|
| контрольное поле | 02904nam0a2200421 i 4500 |
| 001 - ИДЕНТИФИКАТОР ЗАПИСИ | |
| контрольное поле | RU\NLR\bibl\1958959 |
| 005 - ИДЕНТИФИКАТОР ВЕРСИИ | |
| контрольное поле | 20260407063714.0 |
| 010 ## - МЕЖДУНАРОДНЫЙ СТАНДАРТНЫЙ НОМЕР КНИГИ (ISBN) | |
| Номер (ISBN) | 9785891723870 |
| Тираж | 300 |
| 021 ## - НОМЕР ГОСУДАРСТВЕННОЙ РЕГИСТРАЦИИ | |
| Код страны | Российская Федерация |
| Номер | 2012-74802 |
| Номер Листа государственной регистраци | 5539 |
| 035 ## - ДРУГИЕ СИСТЕМНЫЕ НОМЕРА | |
| Идентификатор записи | (nilc)RSL-KNO-005505433 |
| 035 ## - ДРУГИЕ СИСТЕМНЫЕ НОМЕРА | |
| Идентификатор записи | (NLR Aleph) 001947996 |
| 100 ## - ДАННЫЕ ОБЩЕЙ ОБРАБОТКИ | |
| Данные общей обработки | 20121008d2012 u y0rusy50 ca |
| 101 0# - ЯЗЫК РЕСУРСА | |
| Язык текста, звукозаписи и т.д. | русский |
| Язык резюме | английский |
| 102 ## - СТРАНА ПУБЛИКАЦИИ ИЛИ ПРОИЗВОДСТВА | |
| Страна публикации | Российская Федерация |
| 105 ## - ПОЛЕ КОДИРОВАННЫХ ДАННЫХ: ТЕКСТОВЫЕ МАТЕРИАЛЫ, МОНОГРАФИЧЕСКИЕ | |
| Кодированные данные о монографическом текстовом документе | y ||||||||| |
| 200 1# - ЗАГЛАВИЕ И СВЕДЕНИЯ ОБ ОТВЕТСТВЕННОСТИ | |
| Основное заглавие | Правоохранительная политика: проблемы формирования и осуществления |
| Параллельное заглавие | The law-enforcement policy: problems of formation and realization |
| Сведения, относящиеся к заглавию | монография |
| Первые сведения об ответственности | [А.В. Малько, П.А. Гук, К.Е. Игнатенкова и др.] |
| Последующие сведения об ответственности | под ред. засл. деят. науки РФ, д.ю.н., проф. А.В. Малько и засл. работника науки и образования, к.ю.н., проф. РАЕН Р.В. Пузикова |
| -- | Российская акад. наук, Саратовский фил. Ин-та государства и права [и др.] |
| Язык параллельного заглавия | английский |
| 210 ## - ПУБЛИКАЦИЯ, РАСПРОСТРАНЕНИЕ И ДР. | |
| Место издания, распространения и т.д. | Москва |
| Имя издателя, распространителя и т. д. | РПА Минюста России |
| Дата издания, распространения и т.д. | 2012 |
| 215 ## - ФИЗИЧЕСКАЯ ХАРАКТЕРИСТИКА | |
| Специфическое обозначение материала и объем | 316 с. |
| Размеры | 21 |
| 300 ## - ОБЩИЕ ПРИМЕЧАНИЯ | |
| Текст примечания | Авт. указаны на обороте тит. л. |
| 300 ## - ОБЩИЕ ПРИМЕЧАНИЯ | |
| Текст примечания | В надзаг. также: Гос. образоват. учреждение высш. проф. образования "Тамб. гос. ун-т им. Г.Р. Державина", Науч.-образоват. центр правовой политики субъектов Рос. Федерации, Федер. гос. бюджет. образоват. учреждение высш. проф. образования "Рос. правовая академия М-ва юстиции Рос. Федерации", Сев.-Кавк. (г. Махачкала) фил. |
| 300 ## - ОБЩИЕ ПРИМЕЧАНИЯ | |
| Текст примечания | Рез. на англ. яз. |
| 320 ## - ПРИМЕЧАНИЯ О НАЛИЧИИ В ДОКУМЕНТЕ БИБЛИОГРАФИИ / УКАЗАТЕЛЯ | |
| Текст примечания | Библиогр. в подстроч. примеч. |
| 510 0# - ПАРАЛЛЕЛЬНОЕ ЗАГЛАВИЕ | |
| Параллельное заглавие | The law-enforcement policy: problems of formation and realization |
| Язык заглавия | английский |
| 606 1# - НАИМЕНОВАНИЕ ТЕМЫ КАК ПРЕДМЕТ | |
| Наименование темы | Государство |
| Тематический подзаголовок | Правоохранительная функция |
| Географический подзаголовок | Российская Федерация |
| Системный номер авторитетной/нормативной записи | 2151851 |
| Идентификатор авторитетной/нормативной записи | RU\NLR\auth\661295814 |
| 686 ## - ИНДЕКСЫ ДРУГИХ КЛАССИФИКАЦИЙ | |
| Индекс | Х629.0,0 |
| Код системы | |
| 686 ## - ИНДЕКСЫ ДРУГИХ КЛАССИФИКАЦИЙ | |
| Индекс | Х620.2 |
| 701 #1 - ИМЯ ЛИЦА - АЛЬТЕРНАТИВНАЯ ОТВЕТСТВЕННОСТЬ | |
| Код отношения | Автор |
| Материалы, к которым относится поле | rus |
| Графика поля | Кириллица |
| Начальный элемент ввода | Малько |
| Часть имени, кроме начального элемента ввода | А.В. |
| Даты | 1958- |
| Расширение инициалов личного имени | Александр Васильевич |
| Идентификатор авторитетной/нормативной записи | RU\NLR\auth\776401 |
| Системный номер авторитетной/нормативной записи | 116355 |
| 701 #1 - ИМЯ ЛИЦА - АЛЬТЕРНАТИВНАЯ ОТВЕТСТВЕННОСТЬ | |
| Начальный элемент ввода | Гук |
| Часть имени, кроме начального элемента ввода | П. А. |
| Даты | 1959- |
| Расширение инициалов личного имени | Павел Александрович |
| Код отношения | Автор |
| 701 #1 - ИМЯ ЛИЦА - АЛЬТЕРНАТИВНАЯ ОТВЕТСТВЕННОСТЬ | |
| Начальный элемент ввода | Игнатенкова |
| Часть имени, кроме начального элемента ввода | К. Е. |
| Расширение инициалов личного имени | Ксения Евгеньевна |
| Код отношения | Автор |
| 712 02 - НАИМЕНОВАНИЕ ОРГАНИЗАЦИИ - ВТОРИЧНАЯ ОТВЕТСТВЕННОСТЬ | |
| Код отношения | Прочие |
| Начальный элемент ввода | Институт государства и права |
| Идентифицирующий признак | Москва |
| Структурное подразделение | Саратовский филиал |
| Идентификатор авторитетной/нормативной записи | RU\NLR\AUTH\8810031053 |
| Системный номер авторитетной/нормативной записи | 560754 |
| 801 #0 - ИСТОЧНИК ЗАПИСИ | |
| Страна | Российская Федерация |
| Организация | RuMoRKP |
| Дата составления | 20121008 |
| Правила каталогизации | rcr |
| 801 #1 - ИСТОЧНИК ЗАПИСИ | |
| Страна | Российская Федерация |
| Организация | РГБ |
| Дата составления | 20121008 |
| 801 #2 - ИСТОЧНИК ЗАПИСИ | |
| Страна | Российская Федерация |
| Организация | NLR |
| Дата составления | 20121023 |
| Правила каталогизации | rcr |
| 830 ## - ОБЩЕЕ ПРИМЕЧАНИЕ, СОСТАВЛЕННОЕ КАТАЛОГИЗАТОРОМ | |
| Текст примечания | по эк |
| 942 ## - ДОПОЛНИТЕЛЬНЫЕ ЭЛЕМЕНТЫ ЗАПИСИ (АБИС) | |
| Тип экземпляра АБИС | Книга |
| 980 ## - КОЛЛЕКЦИЯ | |
| Название коллекции | НБР |
Нет доступных экземпляров.